| 000 | 00785cam a22002533a 4500 | ||
|---|---|---|---|
| 001 | 17101 | ||
| 003 | PGUSA | ||
| 005 | 20140828083350.0 | ||
| 008 | 051119s2005||||xxu|||||s|||||000 | eng d | ||
| 040 |
_aPGUSA _beng |
||
| 042 | _adc | ||
| 050 | 4 | _aPR | |
| 100 | 1 |
_aEarle, John, _d1824-1903 |
|
| 245 | 1 | 0 |
_aAnglo-Saxon Literature _h[electronic resource] / _cJohn Earle |
| 260 |
_bProject Gutenberg, _c2005 |
||
| 506 | _aPublic domain in the USA. | ||
| 516 | _aElectronic text | ||
| 653 | _aCivilization, Anglo-Saxon, in literature | ||
| 653 | _aCivilization, Medieval, in literature | ||
| 653 | _aEnglish literature -- Old English, ca. 450-1100 -- History and criticism | ||
| 830 | 0 |
_aProject Gutenberg _v17101 |
|
| 856 | 4 | 0 | _uhttp://www.gutenberg.org/ebooks/17101 |
| 942 | _cEB | ||
| 999 |
_c246356 _d246356 |
||